Central Library OPAC University of Rajshahi

Themes and flux in British politics : (Record no. 82436)

MARC details
000 -LEADER
fixed length control field 02800nam a2200337 a 4500
001 - CONTROL NUMBER
control field 82436
003 - CONTROL NUMBER IDENTIFIER
rucl marc code BD-RjUL
005 - DATE AND TIME OF LATEST TRANSACTION
control field 20231211104138.0
008 - FIXED-LENGTH DATA ELEMENTS--GENERAL INFORMATION
fixed length control field 231211s2019 enk b 001 0 eng c
020 ## - INTERNATIONAL STANDARD BOOK NUMBER
International Standard Book Number 9781138298354 (hardback)
International Standard Book Number 9781138298378 (pbk.)
Canceled/invalid ISBN 9781351580939 (epub)
Canceled/invalid ISBN 9781351580922 (mobipocket/kindle)
Canceled/invalid ISBN 9781315098715 (ebk.)
035 ## - SYSTEM CONTROL NUMBER
System control number (BD-RjUL)82436
040 ## - CATALOGING SOURCE
Original cataloging agency LBSOR/DLC
Language of cataloging eng
Transcribing agency LBSOR
Description conventions rda
Modifying agency DLC
-- BD-RjUL
041 ## - LANGUAGE CODE
Language code of text/sound track or separate title eng
082 00 - DEWEY DECIMAL CLASSIFICATION NUMBER
Edition number 23
Classification number 320.941
Author mark and year MCT 2019
100 1# - MAIN ENTRY--PERSONAL NAME
Personal name McTavish, Duncan,
Relator term author.
9 (RLIN) 10438
245 10 - TITLE STATEMENT
Title Themes and flux in British politics :
Remainder of title evolution, change and turbulence /
Statement of responsibility, etc. Duncan McTavish.
264 #1 - PRODUCTION, PUBLICATION, DISTRIBUTION, MANUFACTURE, AND COPYRIGHT NOTICE
Place of production, publication, distribution, manufacture London ;
-- New York :
Name of producer, publisher, distributor, manufacturer Routledge, Taylor & Francis Group,
Date of production, publication, distribution, manufacture, or copyright notice 2019.
300 ## - PHYSICAL DESCRIPTION
Pagination 240 pages ;
Size 25 cm.
336 ## - CONTENT TYPE
Content type term text
Source rdacontent
337 ## - MEDIA TYPE
Media type term unmediated
Source rdamedia
338 ## - CARRIER TYPE
Carrier type term volume
Source rdacarrier
504 ## - BIBLIOGRAPHY, ETC. NOTE
Bibliography, etc Includes bibliographical references and index.
520 ## - SUMMARY, ETC.
Summary, etc. "Themes and Flux in British Politics provides readers with an engaging and informative overview of the development, change and turbulence in British politics today. It explores the extent to which the 'old approaches' to politics and policy are becoming less relevant in the contemporary and emerging UK environment and makes sense of the most significant aspects of the moment: political and electoral alignment, referenda, Brexit and the EU, relationship between UK and devolved governments, and key impact related developments internationally. As such, it is an essential read for students and observers of British political life who need pointed, expert coverage to help make sense of these exceptional political times. With a tripartite structure, the book first examines trends in political representation with changes in political engagement, party loyalties and electoral alignment, then places this within the turbulence and changing landscape of the policy / political environment, and finally contextualises the developments in British politics vis a vis international resonances and parallels. Case studies of Scottish independence referendum, referendum to remain or the leave the EU and the EU withdrawal process are used to illustrate the key concepts and arguments advanced and to provide a sense of the current dynamic of British politics. Themes and Flux in British Politics represents a timely response to contemporary debates about the major shifts (perhaps crises) of political parties and representation and the turbulent landscape of public policy and will be essential reading for British politics and government, Brexit, Public Policy, and EU Politics"--
651 #0 - SUBJECT ADDED ENTRY--GEOGRAPHIC NAME
Geographic name Great Britain
General subdivision Politics and government.
9 (RLIN) 2018
942 ## - ADDED ENTRY ELEMENTS (KOHA)
Source of classification or shelving scheme Dewey Decimal Classification
Koha item type Books
Holdings
Lost status Source of classification or shelving scheme Damaged status Not for loan Collection code Permanent Location Current Location Shelving location Date acquired Source of acquisition Cost, normal purchase price Total Checkouts Full call number Date last seen Copy number Koha item type
  Dewey Decimal Classification   Not For Loan Non-fiction Central Library, University of Rajshahi Central Library, University of Rajshahi Reading Room 10/12/2023 Dhaka: Omni Concept 2895.00   320.941 MCT 2019 11/12/2023 C-1 Books
  Dewey Decimal Classification     Non-fiction Central Library, University of Rajshahi Central Library, University of Rajshahi General Stacks 10/12/2023 Dhaka: Omni Concept 2895.00   320.941 MCT 2019 11/12/2023 C-2 Books
  Dewey Decimal Classification     Non-fiction Central Library, University of Rajshahi Central Library, University of Rajshahi General Stacks 10/12/2023 Dhaka: Omni Concept 2895.00   320.941 MCT 2019 11/12/2023 C-3 Books